LEADER 00999nam0-2200337---450- 001 990010046040403321 005 20160225111045.0 010 $a9781849201773 035 $a001004604 035 $aFED01001004604 035 $a(Aleph)001004604FED01 035 $a001004604 100 $a20160225d2014----km-y0itay50------ba 101 0 $aeng 102 $aUS 105 $a--------001yy 200 1 $aConstructing survey data$ean interactional approach$fGiampietro Gobo, Sergio Mauceri 210 $aLos Angeles [etc.]$cSage$d2014 215 $aXVIII, 368 p.$cFig.$d24 cm 610 0 $aScienze sociali$aRicerca$aMetodologia 610 0 $aRicerca$aMetodologia$aUso delle interviste 676 $a300.72$v22$zita 700 1$aGobo,$bGiampietro$0142123 701 1$aMauceri,$bSergio$0480558 801 0$aIT$bUNINA$gRICA$2UNIMARC 901 $aBK 912 $a990010046040403321 952 $a300.72 GOB 3$fBFS 959 $aBFS 996 $aConstructing survey data$91498221 997 $aUNINA LEADER 02008oam 2200589Ka 450 001 9910712936803321 005 20180920060943.9 024 8 $aGOVPUB-C13-f99d06fb1512f8e14962fdc0bc587f92 035 $a(CKB)5470000002498826 035 $a(OCoLC)741989790 035 $a(OCoLC)995470000002498826 035 $a(EXLCZ)995470000002498826 100 $a20110721d1942 ua 0 101 0 $aeng 135 $aurun||||a|a|| 181 $ctxt$2rdacontent 182 $cc$2rdamedia 183 $acr$2rdacarrier 200 10$aDimensional changes of floor coverings with changes in relative humidity and temperature /$fby Percy A. Sigler, Robert I. Martens, and Elmer A. Koerner 210 1$aWashington, D.C. :$cU.S. Dept. of Commerce, National Bureau of Standards :$cU.S. Govt. Print. Off.,$d1942. 215 $a1 online resource (ii, 7 pages) $cillustrations 225 1 $aBuilding materials and structures report ;$v85 300 $aContributed record: Metadata reviewed, not verified. Some fields updated by batch processes. 606 $aBuilding materials 606 $aFlooring$xTesting 606 $aFloors 606 $aHouse construction 606 $aBuilding materials$2fast 606 $aFlooring$xTesting$2fast 606 $aFloors$2fast 606 $aHouse construction$2fast 615 0$aBuilding materials. 615 0$aFlooring$xTesting. 615 0$aFloors. 615 0$aHouse construction. 615 7$aBuilding materials. 615 7$aFlooring$xTesting. 615 7$aFloors. 615 7$aHouse construction. 700 $aSigler$b Percy A$01389801 701 $aKoerner$b Elmer A$01390489 701 $aMartens$b Robert I$065480 801 0$bOCLCE 801 1$bOCLCE 801 2$bOCLCQ 801 2$bOCLCF 801 2$bOCLCO 801 2$bOCLCQ 906 $aBOOK 912 $a9910712936803321 996 $aDimensional changes of floor coverings with changes in relative humidity and temperature$93492921 997 $aUNINA